Rozpoznaj język słowiański po jednym zdaniu. - Statystyki

Ogólne statystyki
  • Ten quiz został rozwiązany 126 razy
  • Średni wynik to 9 z 12
Statystyki odpowiedzi
Zdanie Język % Poprawnych
Dzisiaj, idąc ulicą spotkałem mojego starego przyjaciela, z którym nie widziałem się przez cztery lata. polski
100%
Сьогодні, йдучи по вулиці, я зустрів свого старого друга, якого не бачив чотири роки. ukraiński
96%
Сегодня, идя по улице, я встретил своего старого друга, которого не видел четыре года. rosyjski
88%
Dnes, když jsem šel po ulici, potkal jsem svého starého přítele, kterého jsem neviděl čtyři roky. czeski
87%
Danes, ko sem hodil po ulici, sem srečal svojega starega prijatelja, ki ga nisem videl štiri leta. słoweński
75%
Сёння, ідучы па вуліцы, я сустрэў свайго даўняга сябра, якога не бачыў чатыры гады. białoruski
66%
Danas sam šetajući ulicom sreo svog starog prijatelja kojeg nisam vidio četiri godine. chorwacki
65%
Dnes, kráčajúc po ulici, som stretol svojho starého priateľa, ktorého som nevidel štyri roky. słowacki
65%
Денес, одејќи по улицата, го сретнав мојот стар пријател кој го немав видено четири години. macedoński
63%
Данас, шетајући улицом, срео сам свог старог пријатеља којег нисам видео четири године. serbski
62%
Днес, вървейки по улицата, срещнах моя стар приятел, когото не бях виждал от четири години. bułgarski
60%
Danas, šetajući ulicom, sreo sam svog starog prijatelja kojeg nisam vidio četiri godine. bośniacki
53%
Nie znaleziono quizów pasujących do podanych kryteriów
Rozkład punktacji
Procent ludzi z każdym wynikiem
Percentyl według liczby udzielonych odpowiedzi
Twoja historia wyników
Nie rozwiązałeś tego quizu